Harry Potter Chain: Sorcerer's Stone Quiz Stats

 Plays Quiz Updated Nov 21, 2017

Score 0/36 Timer 04:00
4 Plays Today
% Correct
???
92.3%
???
91.2%
???
82.6%
???
81.2%
???
79.8%
???
79.1%
???
78.9%
???
78.1%
???
75.9%
???
53.1%
???
53.1%
???
51.4%
???
50.5%
???
50.3%
???
49.2%
???
48.4%
???
48%
???
47.1%
% Correct
???
46.1%
???
45.9%
???
45.5%
???
43.2%
???
37%
???
36.2%
???
35.9%
???
35.3%
???
31.5%
???
31.5%
???
30.6%
???
30.3%
???
30.1%
???
29.9%
???
29.5%
???
29.4%
???
29.2%
???
29.1%

You're not logged in!

Compare scores with friends on all Sporcle quizzes.
Join for Free
OR
Log In

You Might Also Like...

Show Comments

Extras

Top Quizzes Today


Score Distribution

Your Account Isn't Verified!

In order to create a playlist on Sporcle, you need to verify the email address you used during registration. Go to your Sporcle Settings to finish the process.

Report this User

Report this user for behavior that violates our Community Guidelines.

Details: